Отряды Птиц по Фото - Statistics

General Stats
  • This quiz has been taken 30 times
  • The average score is 9 of 41
Answer Stats
Picture Answer % Correct
{Аист}ообразные
92%
{Пингвин}ообразные
63%
{Страус}ообразные
63%
{Фламинго}образные
58%
{Киви}образные
54%
{Сово}образные
54%
{Попугае}образные
50%
{Пеликан}ообразные
50%
{Сокол}ообразные
42%
{Стриж}еобразные
38%
{Голубе}образные
33%
{Ястреб}ообразные
33%
{Гусе}образные
29%
{Воробьино}образные
25%
{Журавле}образные
25%
{Козодое}образные
21%
{Гагаро}образные
17%
{Дятло}образные
17%
{Поганко}образные
17%
Птицы-{носороги}
17%
{Куро}образные
13%
{Кукушко}образные
13%
{Ржанко}образные
13%
{Казуар}ообразные
8%
{Буревестник}ообразные (трубконосые)
4%
{Дрофо}образные
4%
{Нанду}образные
4%
{Ракше}образные
4%
{Фаэтон}ообразные
4%
{Тинаму}образные
4%
{Гоацин}ообразные
0%
{Кариамо}образные
0%
{Курол}ообразные
0%
{Мезито}образные
0%
{Олуше}образные
0%
Птицы-{мыши}
0%
{Рябко}образные
0%
{Рябко}образные
0%
{Солнечные} цапли
0%
{Трогон}ообразные
0%
{Турако}образные
0%
No matching quizzes found
Score Distribution
Percent of People with Each Score
Percentile by Number Answered
Your Score History
You have not taken this quiz